Southeastern Europe : lonely planet.
| Format: | Book |
|---|---|
| Published: |
Victoria:
Lonely Planet Publications,
2013.
|
| Series: | Lonely planet
|
| Subjects: |
| LEADER | 00506cam a2200157 7i4500 | ||
|---|---|---|---|
| 001 | 0000030976 | ||
| 005 | 20140701090000.0 | ||
| 020 | 0 | 0 | |a 9781741795806 |
| 090 | 0 | 0 | |a EU. S 910.202 |b SOU |
| 245 | 0 | 0 | |a Southeastern Europe : |b lonely planet. |
| 260 | 0 | 0 | |a Victoria: |b Lonely Planet Publications, |c 2013. |
| 300 | # | # | |a 654 p. |
| 440 | 0 | 0 | |a Lonely planet |
| 650 | 0 | 0 | |a Southeastern Europe -- |x Description and travel -- |x Guidebooks |
| 651 | 0 | 0 | |a Southeastern Europe |
| 999 | |a B000034251 |b Book |c Regions |e Business Information Centre | ||


